| 000 | 00774nac a22002171u 4500 | ||
|---|---|---|---|
| 010 | _a 00063427 | ||
| 020 | _a0030316812 | ||
| 082 | 0 | 0 |
_a658 _bDAF |
| 090 |
_c8855 _d8855 |
||
| 100 | _aDaft, Richard L. | ||
| 245 | 1 | 0 |
_aOrganizational behavior / _cRichard L. Daft, Raymond A. Noe. |
| 260 |
_aFort Worth : _bHarcourt College Publishers,c2001. _cc2001. |
||
| 300 |
_axxxiv, 718 p. : _bcol. ill. ; _c27 cm. |
||
| 500 | _aDistributer: Baccah. | ||
| 504 | _aIncludes bibliographical references and index. | ||
| 511 | _aCatalogued By: Mahitab. | ||
| 650 | 0 | _aOrganizational behavior. | |
| 700 | 1 | _aNoe, Raymond A. | |
| 942 |
_cBB _k658DAF |
||
| 999 |
_c8855 _d8855 |
||